Annam and its minor currency / (Record no. 185688)
[ view plain ]
| 000 -LEADER | |
|---|---|
| campo de control de longitud fija | 00451nam a2200157 i 4500 |
| 001 - NÚMERO DE CONTROL | |
| campo de control | 185688 |
| 003 - IDENTIFICADOR DE NÚMERO DE CONTROL | |
| campo de control | ES-MaACL |
| 005 - FECHA Y HORA DE LA ÚLTIMA TRANSACCIÓN | |
| campo de control | 20251017063115.0 |
| 008 - DATOS DE LONGITUD FIJA--INFORMACIÓN GENERAL | |
| campo de control de longitud fija | 160803s1882 cc |||| | eng d |
| 100 1# - ENTRADA PRINCIPAL--NOMBRE DE PERSONA | |
| Nombre de persona | Toda, Eduardo, |
| Fechas asociadas al nombre | 1852-1941 |
| 9 (RLIN) | 133280 |
| 245 10 - MENCIÓN DEL TÍTULO | |
| Título | Annam and its minor currency / |
| Mención de responsabilidad, etc. | by Ed. Toda. |
| 260 ## - PUBLICACIÓN, DISTRIBUCIÓN, ETC. | |
| Lugar de publicación, distribución, etc. | Shangai : |
| Nombre del editor, distribuidor, etc. | Noronha & Sons, |
| Fecha de publicación, distribución, etc. | 1882. |
| 300 ## - DESCRIPCIÓN FÍSICA | |
| Extensión | 261 p. ; |
| Dimensiones | 24 cm. |
| 852 ## - LOCALIZACIÓN | |
| Ubicación | ES-MaACL |
| Número de control de estantería | G-11427 |
| Estatus retirado | Estado de pérdida | Estado de daño | No para préstamo | Colección | Biblioteca de origen | Biblioteca actual | Ubicación en estantería | Fecha de adquisición | Fuente de adquisición | Total de préstamos | Signatura topográfica completa | Código de barras | Visto por última vez | Precio de reemplazo | Tipo de ítem Koha |
|---|---|---|---|---|---|---|---|---|---|---|---|---|---|---|---|
| Libros del s. XIX | Biblioteca del Ateneo de Madrid | Biblioteca del Ateneo de Madrid | Sala Pecera Planta 3 | 03/08/2016 | G-11427 | 1195738 | 23/02/2023 | 23/02/2023 | Libro impreso antiguo |
